[Event "TUR-chT 1st League"]
[Site "Konya"]
[Date "2022.08.28"]
[Round "9.8"]
[White "Oz, Ozan"]
[Black "Yagiz, Yasin Emrah"]
[Result "0-1"]
[WhiteElo "1881"]
[BlackElo "2214"]
[PlyCount "79"]
[EventDate "2022.08.22"]
[EventType "team-swiss"]
[EventRounds "9"]
[EventCountry "TUR"]
[SourceTitle "CBM 209 Extra"]
[Source "ChessBase"]
[SourceDate "2022.09.30"]
[SourceVersion "1"]
[SourceVersionDate "2022.09.30"]
[SourceQuality "1"]
[WhiteTeam "Denizli Metin Surmeli"]
[BlackTeam "Bulancak Ihsaniye Genclik"]
[WhiteTeamCountry "TUR"]
[BlackTeamCountry "TUR"]

1. d4 Nf6 2. Bf4 c5 3. e3 Qb6 4. Nc3 a6 5. a3 cxd4 6. exd4 d5 7. Be5 Be6 8. Bd3 Nbd7 9. Nf3 g6 10. 0-0 Bg7 11. h3 0-0 12. Bf4 Nh5 13. Bg5 Rae8 14. Be2 h6 15. Be3 Rc8 16. Rb1 Qc7 17. Qd2 Kh7 18. g4 Nhf6 19. g5 Ne4 20. Nxe4 dxe4 21. gxh6 Bf6 22. Ng5+ Bxg5 23. Bxg5 Bxh3 24. Rfc1 f6 25. Bf4 e5 26. Bg3 Qd6 27. c3 f5 28. Qe3 f4 29. Bxf4 exf4 30. Qxh3 f3 31. Bd1 Rf5 32. Qg3 Qf6 33. Kf1 Rg5 34. Qh3 Rd8 35. Qh2 Rh5 36. Qg1 Qf4 37. Bc2 Rg5 38. Qh1 Qd2 39. Bd1 Rg2 40. Rc2 0-1

[Event "TUR-chT Clubs"]
[Site "Konya"]
[Date "2019.07.20"]
[Round "7.7"]
[White "Turk, Sarp"]
[Black "Oz, Ozan"]
[Result "0-1"]
[WhiteElo "1448"]
[BlackElo "1923"]
[PlyCount "80"]
[EventDate "2019.07.16"]
[EventType "team-swiss"]
[EventRounds "9"]
[EventCountry "TUR"]
[SourceTitle "CBM 191 Extra"]
[Source "ChessBase"]
[SourceDate "2019.09.30"]
[SourceVersion "1"]
[SourceVersionDate "2019.09.30"]
[SourceQuality "1"]
[WhiteTeam "Busan Genclik"]
[BlackTeam "Celik Dernegi"]
[WhiteTeamCountry "TUR"]
[BlackTeamCountry "TUR"]

1. e4 e6 2. b3 c5 3. Bb2 Nc6 4. Nf3 d5 5. Nc3 d4 6. Ne2 Nf6 7. Ng3 Bd6 8. Bd3 0-0 9. Qe2 Qc7 10. 0-0 Bf4 11. a3 e5 12. h3 a6 13. a4 Nb4 14. Ba3 Nxd3 15. cxd3 Bxg3 16. fxg3 a5 17. Rac1 b6 18. Nh4 Qd6 19. Qf3 Ne8 20. Nf5 Qe6 21. Rb1 g6 22. Nh6+ Kg7 23. Ng4 Ra7 24. Qe2 Re7 25. Nh2 f6 26. g4 Nd6 27. Nf3 Nf7 28. Rf2 Ng5 29. h4 Nxf3+ 30. gxf3 f5 31. gxf5 gxf5 32. Rg2+ Kh8 33. Kh1 Qf6 34. Rh2 fxe4 35. fxe4 Rg7 36. Rg1 Rfg8 37. Rf1 Qh6 38. Qf2 Bg4 39. Qf6 Qxf6 40. Rxf6 Bf3+ 0-1

[Event "TUR-chT Clubs"]
[Site "Konya"]
[Date "2019.07.17"]
[Round "3.4"]
[White "Oz, Ozan"]
[Black "Ozates, Mert"]
[Result "1/2-1/2"]
[WhiteElo "1923"]
[BlackElo "1758"]
[PlyCount "72"]
[EventDate "2019.07.16"]
[EventType "team-swiss"]
[EventRounds "9"]
[EventCountry "TUR"]
[SourceTitle "CBM 191 Extra"]
[Source "ChessBase"]
[SourceDate "2019.09.30"]
[SourceVersion "1"]
[SourceVersionDate "2019.09.30"]
[SourceQuality "1"]
[WhiteTeam "Celik Dernegi"]
[BlackTeam "Mugla Mentese Merkez"]
[WhiteTeamCountry "TUR"]
[BlackTeamCountry "TUR"]

1. d4 Nf6 2. Bf4 d5 3. e3 c5 4. Nc3 cxd4 5. exd4 a6 6. Bd3 Nc6 7. Nge2 Bg4 8. f3 Bh5 9. g4 Bg6 10. h4 e6 11. h5 Bxd3 12. Qxd3 h6 13. 0-0-0 Bd6 14. Qe3 Na5 15. b3 Qc7 16. g5 Bxf4 17. Nxf4 hxg5 18. Nfxd5 Nxd5 19. Nxd5 Qd6 20. c4 b5 21. h6 Rxh6 22. Rxh6 gxh6 23. Nf6+ Kf8 24. c5 Qh2 25. Rd2 Qg3 26. Nh5 Qc7 27. Qe4 Qc6 28. Qh7 Qxf3 29. Qxh6+ Ke8 30. Qxg5 Qh1+ 31. Rd1 Qf3 32. Nf6+ Kf8 33. Ng8 Nxb3+ 34. axb3 Qc3+ 35. Kb1 Qxb3+ 36. Kc1 Qc3+ 1/2-1/2

[Event "TUR-chT Clubs"]
[Site "Konya"]
[Date "2019.07.16"]
[Round "1.4"]
[White "Oz, Ozan"]
[Black "Temel, Mustafa"]
[Result "1-0"]
[WhiteElo "1923"]
[BlackElo "1549"]
[PlyCount "87"]
[EventDate "2019.07.16"]
[EventType "team-swiss"]
[EventRounds "9"]
[EventCountry "TUR"]
[SourceTitle "CBM 191 Extra"]
[Source "ChessBase"]
[SourceDate "2019.09.30"]
[SourceVersion "1"]
[SourceVersionDate "2019.09.30"]
[SourceQuality "1"]
[WhiteTeam "Celik Dernegi"]
[BlackTeam "Karaman Onder Durmus"]
[WhiteTeamCountry "TUR"]
[BlackTeamCountry "TUR"]

1. d4 d5 2. Bf4 Nf6 3. e3 Bf5 4. c4 e6 5. Qb3 Qc8 6. Nc3 c6 7. Rc1 Nbd7 8. cxd5 Nxd5 9. Bg3 N7f6 10. Bc4 Bb4 11. Nge2 a5 12. 0-0 0-0 13. a3 Bxc3 14. Nxc3 a4 15. Nxa4 Qd8 16. Nc5 b6 17. Nb7 Qd7 18. Nd6 b5 19. Bxd5 exd5 20. Nxf5 Qxf5 21. Rxc6 Ne4 22. Qxb5 h5 23. Qe2 Rac8 24. Rfc1 Rxc6 25. Rxc6 Rc8 26. Rxc8+ Qxc8 27. Qd1 Qc4 28. f3 Nf6 29. Be1 Qa2 30. Qc1 g5 31. e4 Nh7 32. e5 Qb3 33. Qc3 Qd1 34. b4 Nf8 35. Qd2 Qa1 36. Qxg5+ Ng6 37. Qe3 Nf4 38. Kf2 Ne6 39. Bd2 Nxd4 40. Qc3 Qh1 41. Qxd4 Qxh2 42. Qf4 Qh1 43. Qg3+ Kf8 44. Be1 1-0

[Event "Izmir op 16th"]
[Site "Izmir"]
[Date "2017.09.09"]
[Round "7"]
[White "Guseynov, Alihan"]
[Black "Oz, Ozan"]
[Result "1/2-1/2"]
[WhiteElo "2333"]
[BlackElo "1890"]
[PlyCount "113"]
[EventDate "2017.09.05"]
[EventType "swiss"]
[EventRounds "9"]
[EventCountry "TUR"]
[SourceTitle "CBM 180 Extra"]
[Source "ChessBase"]
[SourceDate "2017.10.06"]
[SourceVersion "1"]
[SourceVersionDate "2017.10.06"]
[SourceQuality "1"]

1. d4 d5 2. c4 c6 3. Nc3 Nf6 4. e3 Bf5 5. cxd5 cxd5 6. Qb3 Bc8 7. Nf3 Nc6 8. Ne5 e6 9. f4 Be7 10. Bd3 0-0 11. 0-0 Nd7 12. Bd2 f5 13. Na4 Ncb8 14. Rac1 Nf6 15. Bb4 Bxb4 16. Qxb4 Nbd7 17. Nc5 Qe7 18. a3 Nxe5 19. dxe5 Nd7 20. Nxd7 Qxd7 21. Rc3 Rf7 22. Rfc1 Qd8 23. Qd6 Qxd6 24. exd6 Bd7 25. Rc7 Bc6 26. b4 Rxc7 27. dxc7 Rc8 28. a4 Bxa4 29. b5 Bb3 30. b6 axb6 31. Bb5 Bc4 32. Bd7 Rxc7 33. Bxe6+ Kf8 34. Bxd5 b5 35. e4 fxe4 36. Bxe4 h6 37. Rb1 Ke7 38. Kf2 Kd6 39. Ke3 Kc5 40. f5 b4 41. g4 b3 42. h4 Kb4 43. g5 hxg5 44. hxg5 b5 45. Kd4 Rd7+ 46. Ke5 Re7+ 47. Kd4 Rd7+ 48. Ke5 Re7+ 49. Kd4 Rxe4+ 50. Kxe4 Kc3 51. Rc1+ Kd2 52. Rg1 b2 53. f6 gxf6 54. gxf6 Kc2 55. Kd4 b1Q 56. Rxb1 Kxb1 57. Kc5 1/2-1/2

[Event "Izmir op 16th"]
[Site "Izmir"]
[Date "2017.09.07"]
[Round "4"]
[White "Oz, Ozan"]
[Black "Kamer, Kayra"]
[Result "0-1"]
[WhiteElo "1890"]
[BlackElo "2153"]
[PlyCount "70"]
[EventDate "2017.09.05"]
[EventType "swiss"]
[EventRounds "9"]
[EventCountry "TUR"]
[SourceTitle "CBM 180 Extra"]
[Source "ChessBase"]
[SourceDate "2017.10.06"]
[SourceVersion "1"]
[SourceVersionDate "2017.10.06"]
[SourceQuality "1"]

1. d4 Nf6 2. Bf4 g6 3. Nc3 d5 4. e3 Bg7 5. h4 h5 6. Be2 c6 7. Nf3 Bf5 8. Ne5 Nbd7 9. f3 Qb6 10. Na4 Qa5+ 11. c3 b5 12. Nc5 Nxc5 13. dxc5 Rc8 14. b4 Qa3 15. Qc1 Qxc1+ 16. Rxc1 Nd7 17. Nxd7 Kxd7 18. Kd2 a5 19. a3 Ra8 20. Bd3 e5 21. e4 exf4 22. exf5 d4 23. c4 axb4 24. axb4 bxc4 25. Rxc4 Rhe8 26. fxg6 fxg6 27. Bxg6 Re3 28. Bxh5 Raa3 29. g3 d3 30. gxf4 Re2+ 31. Kd1 Ra1+ 32. Rc1 Raa2 33. Rb1 Rad2+ 34. Kc1 Rc2+ 35. Kd1 Bc3 0-1

[Event "TUR-chT 2nd League"]
[Site "Konya"]
[Date "2017.07.18"]
[Round "2.2"]
[White "Rasulov, Vugar Ural Oglu"]
[Black "Oz, Ozan"]
[Result "1-0"]
[WhiteElo "2517"]
[BlackElo "1849"]
[PlyCount "75"]
[EventDate "2017.07.17"]
[EventType "team-swiss"]
[EventRounds "9"]
[EventCountry "TUR"]
[SourceTitle "CBM 179 Extra"]
[Source "ChessBase"]
[SourceDate "2017.08.23"]
[SourceVersion "1"]
[SourceVersionDate "2017.08.23"]
[SourceQuality "1"]
[WhiteTeam "Berk Tugra Caliskan"]
[BlackTeam "Genc Efe Izcilik"]
[WhiteTeamCountry "TUR"]
[BlackTeamCountry "TUR"]

1. d4 Nf6 2. Bg5 d5 3. Bxf6 exf6 4. e3 c6 5. g3 Bf5 6. Bg2 Nd7 7. Ne2 Bd6 8. 0-0 0-0 9. Nd2 Re8 10. b3 Nf8 11. c4 Bc7 12. cxd5 cxd5 13. Nc3 Be6 14. b4 Ng6 15. Nb3 Rc8 16. Rc1 Ne7 17. Nc5 b6 18. Nd3 Qd7 19. Qb3 Bb8 20. b5 Rc7 21. Ne2 Rc4 22. Nb2 Rxc1 23. Rxc1 Rc8 24. Rxc8+ Qxc8 25. Nc3 Qb7 26. Nd3 Bd6 27. h4 h5 28. a4 g6 29. Qa2 Kg7 30. Bf3 Kh6 31. Qb3 g5 32. hxg5+ fxg5 33. Nb4 Bxb4 34. Qxb4 Qc7 35. e4 dxe4 36. Bxe4 Qd7 37. d5 Nxd5 38. Qf8# 1-0

[Event "Izmir op 15th"]
[Site "Izmir"]
[Date "2016.09.10"]
[Round "8"]
[White "Isik, Alparslan"]
[Black "Oz, Ozan"]
[Result "1-0"]
[WhiteElo "2019"]
[BlackElo "1870"]
[PlyCount "79"]
[EventDate "2016.09.05"]
[EventType "swiss"]
[EventRounds "9"]
[EventCountry "TUR"]
[SourceTitle "CBM 174 Extra"]
[Source "ChessBase"]
[SourceDate "2016.10.10"]
[SourceVersion "1"]
[SourceVersionDate "2016.10.10"]
[SourceQuality "1"]

1. Nf3 d5 2. d4 c6 3. c4 e6 4. Nbd2 Bd6 5. g3 f5 6. Bg2 Nf6 7. 0-0 0-0 8. Ne5 a5 9. Ndf3 Ne4 10. h4 b5 11. cxb5 cxb5 12. Bf4 Qb6 13. Rc1 Ra7 14. Ng5 Nxg5 15. hxg5 Rc7 16. Rxc7 Qxc7 17. g6 Bxe5 18. Bxe5 Qb6 19. gxh7+ Kxh7 20. e3 Nd7 21. Qh5+ Kg8 22. Bf4 Nf6 23. Qg6 Qc6 24. Bf3 Qe8 25. Qg5 Qf7 26. Kg2 Nh7 27. Qh4 Qf6 28. Qh5 g6 29. Qh2 Bd7 30. Be5 Qf7 31. Rc1 Rc8 32. Qh1 Rxc1 33. Qxc1 g5 34. Be2 g4 35. Qc7 a4 36. Qb7 Be8 37. Qb6 Qd7 38. Bxb5 Qxb5 39. Qxe6+ Bf7 40. Qh6 1-0

[Event "Izmir op 15th"]
[Site "Izmir"]
[Date "2016.09.08"]
[Round "5"]
[White "Oz, Ozan"]
[Black "Grigoriev, Alexey"]
[Result "0-1"]
[WhiteElo "1870"]
[BlackElo "2148"]
[PlyCount "94"]
[EventDate "2016.09.05"]
[EventType "swiss"]
[EventRounds "9"]
[EventCountry "TUR"]
[SourceTitle "CBM 174 Extra"]
[Source "ChessBase"]
[SourceDate "2016.10.10"]
[SourceVersion "1"]
[SourceVersionDate "2016.10.10"]
[SourceQuality "1"]

1. d4 Nf6 2. Nf3 b5 3. Bf4 Bb7 4. e3 a6 5. c4 bxc4 6. Bxc4 e6 7. Nc3 Be7 8. h3 d5 9. Bd3 Nbd7 10. 0-0 c5 11. Rc1 0-0 12. Ne5 Nxe5 13. dxe5 Nd7 14. b3 Rc8 15. Qg4 Re8 16. e4 c4 17. bxc4 dxc4 18. Bb1 Nc5 19. Be3 Nd3 20. Bxd3 cxd3 21. Bd2 Qd4 22. Rb1 Ba8 23. Qg3 Rxc3 24. Bxc3 Qxc3 25. Rb3 Qd4 26. Rxd3 Qxe4 27. Rd7 Bd5 28. Rc1 h5 29. a3 a5 30. Kf1 h4 31. Qf3 Qxf3 32. gxf3 Bxa3 33. Rcc7 Rf8 34. Ke2 Bb2 35. Ra7 Bxe5 36. Rxa5 g5 37. Ra3 Bc4+ 38. Ke1 Bf4 39. Rc3 Bd5 40. Kf1 Kg7 41. Kg2 Kg6 42. Rd3 Rb8 43. R3xd5 exd5 44. Rxd5 Rb2 45. Rd1 Bg3 46. Rf1 Kf5 47. Kg1 Rxf2 0-1

[Event "Klatovy op 22nd"]
[Site "Klatovy"]
[Date "2016.07.07"]
[Round "6"]
[White "Zizka, Petr"]
[Black "Oz, Ozan"]
[Result "1-0"]
[WhiteElo "2004"]
[BlackElo "1863"]
[PlyCount "105"]
[EventDate "2016.07.02"]
[EventType "swiss"]
[EventRounds "9"]
[EventCountry "CZE"]
[SourceTitle "CBM 173 Extra"]
[Source "ChessBase"]
[SourceDate "2016.08.29"]
[SourceVersion "1"]
[SourceVersionDate "2016.08.29"]
[SourceQuality "1"]

1. b3 d5 2. Bb2 Bg4 3. Nf3 e6 4. Ne5 Bh5 5. g4 Bg6 6. e3 Nd7 7. Nxg6 hxg6 8. d3 Bd6 9. h3 e5 10. Bg2 c6 11. Nd2 Qa5 12. Qe2 Ne7 13. a3 g5 14. b4 Qc7 15. c4 dxc4 16. dxc4 c5 17. b5 Ng6 18. Be4 Nh4 19. Nf3 Nxf3+ 20. Qxf3 0-0-0 21. a4 Nf6 22. Bf5+ Kb8 23. a5 e4 24. b6 Qe7 25. bxa7+ Ka8 26. Qd1 Be5 27. Qb3 Bxb2 28. Qxb2 g6 29. a6 b6 30. Qxb6 gxf5 31. Rb1 Qd7 32. 0-0 Nd5 33. cxd5 fxg4 34. Qc6+ Qxc6 35. dxc6 Rc8 36. Rb6 gxh3 37. Rfb1 g4 38. c7 c4 39. Rb7 Rhe8 40. Rc1 Rg8 41. Kh2 f5 42. Rxc4 f4 43. Rb8+ Kxa7 44. Rxc8 g3+ 45. fxg3 fxg3+ 46. Kxh3 Rxc8 47. Rc6 Rg8 48. Kg2 Rf8 49. Kxg3 Rf3+ 50. Kg4 Rf8 51. Kg5 Rf1 52. Rc2 Rg1+ 53. Kf5 1-0

[Event "Klatovy op 22nd"]
[Site "Klatovy"]
[Date "2016.07.06"]
[Round "5"]
[White "Oz, Ozan"]
[Black "Chalupa, Ivan"]
[Result "0-1"]
[WhiteElo "1863"]
[BlackElo "2175"]
[PlyCount "106"]
[EventDate "2016.07.02"]
[EventType "swiss"]
[EventRounds "9"]
[EventCountry "CZE"]
[SourceTitle "CBM 173 Extra"]
[Source "ChessBase"]
[SourceDate "2016.08.29"]
[SourceVersion "1"]
[SourceVersionDate "2016.08.29"]
[SourceQuality "1"]

1. e4 c5 2. Nf3 e6 3. d4 cxd4 4. Nxd4 a6 5. Bd3 Bc5 6. Nb3 Be7 7. 0-0 d6 8. c4 Nf6 9. Nc3 0-0 10. Bg5 Nbd7 11. f4 Qc7 12. Rc1 b6 13. Bb1 Bb7 14. Qd3 g6 15. Nd2 Rfe8 16. b4 Bf8 17. a3 Rac8 18. Ba2 Bg7 19. Rfd1 b5 20. h3 Nh5 21. Ne2 h6 22. Bh4 Nxf4 23. Nxf4 g5 24. cxb5 Qxc1 25. Rxc1 Rxc1+ 26. Kf2 Be5 27. g3 axb5 28. Bb3 gxh4 29. Ne2 hxg3+ 30. Kg2 Re1 31. Nf3 Nf6 32. Qxb5 Bxe4 33. Nxg3 Bxf3+ 34. Kxf3 Bxg3 35. Ba4 Be5 36. Qb7 Rf8 37. Bc6 Rc1 38. a4 Rc3+ 39. Kg2 d5 40. b5 d4 41. Kf2 Rc2+ 42. Ke1 d3 43. Bf3 Bc3+ 44. Kf1 Rc1+ 45. Kf2 Bd4+ 46. Kg2 d2 47. a5 d1Q 48. Bxd1 Rxd1 49. b6 Be5 50. Kf2 Rfd8 51. a6 R8d2+ 52. Kf3 Rf1+ 53. Ke3 Bf4# 0-1

[Event "TUR-chT"]
[Site "Kocaeli"]
[Date "2015.08.12"]
[Round "9.3"]
[White "Oz, Ozan"]
[Black "Ali Marandi, Cemil Can"]
[Result "1/2-1/2"]
[WhiteElo "1807"]
[BlackElo "2414"]
[PlyCount "102"]
[EventDate "2015.08.04"]
[EventType "team-tourn"]
[EventRounds "13"]
[EventCountry "TUR"]
[SourceTitle "CBM 167 Extra"]
[Source "ChessBase"]
[SourceDate "2015.09.14"]
[SourceVersion "1"]
[SourceVersionDate "2015.09.14"]
[SourceQuality "1"]
[WhiteTeam "Pamukkale Yonetimi"]
[BlackTeam "Hatay Buyuksehir"]
[WhiteTeamCountry "TUR"]
[BlackTeamCountry "TUR"]

1. d4 d5 2. Nc3 Nf6 3. Bf4 c6 4. f3 e6 5. e4 Be7 6. Qd2 b5 7. a3 a5 8. e5 Nfd7 9. Nd1 Qb6 10. c3 c5 11. Be3 Nc6 12. f4 f5 13. dxc5 Bxc5 14. Nf3 0-0 15. Be2 a4 16. Nd4 Na5 17. 0-0 Ba6 18. Rb1 Rfe8 19. Qe1 Qb7 20. Nf2 Nc4 21. Bxc4 dxc4 22. Rd1 Bf8 23. Nc2 Qc6 24. Nh3 Bb7 25. Qf2 Nc5 26. Bxc5 Bxc5 27. Nd4 Qb6 28. Rd2 Rad8 29. Rfd1 Rd7 30. Ng5 Red8 31. Ngf3 h6 32. h4 Be4 33. Qe3 Kf7 34. Kf1 Qb7 35. Kf2 g6 36. Kg3 Rd5 37. Kf2 Qb6 38. Kf1 R8d7 39. Kf2 Qd8 40. Kg3 Ke8 41. Qg1 Qb6 42. Qe3 Kd8 43. Qe2 Kc8 44. Kh3 Kb7 45. Qe1 Rg7 46. Qg3 Rdd7 47. Kh2 Bd5 48. Kg1 Ka6 49. Kf1 Qd8 50. Ke2 Qa8 51. Nc2 Rg8 1/2-1/2

[Event "TUR-chT2"]
[Site "Konya"]
[Date "2014.06.27"]
[Round "7.4"]
[White "Ersoz, Bartu"]
[Black "Oz, Ozan"]
[Result "0-1"]
[WhiteElo "1918"]
[BlackElo "1793"]
[PlyCount "124"]
[EventDate "2014.06.23"]
[EventType "team-swiss"]
[EventRounds "9"]
[EventCountry "TUR"]
[SourceTitle "CBM 161 Extra"]
[Source "ChessBase"]
[SourceDate "2014.08.29"]
[SourceVersion "1"]
[SourceVersionDate "2014.08.29"]
[SourceQuality "1"]
[WhiteTeam "Pausa"]
[BlackTeam "Karaman Saglik"]
[WhiteTeamCountry "TUR"]
[BlackTeamCountry "TUR"]

1. e4 e6 2. d4 d5 3. e5 c5 4. c3 Qb6 5. Nf3 Bd7 6. Bd3 Bb5 7. 0-0 Nc6 8. dxc5 Bxc5 9. Qe2 Bxd3 10. Qxd3 a5 11. Nbd2 a4 12. b4 axb3 13. Nxb3 Nge7 14. Nxc5 Qxc5 15. Be3 Qa3 16. Rfb1 Ng6 17. Qb5 Qa4 18. Bc5 Ra5 19. Qxb7 Nd8 20. Qc7 Ra6 21. Rb8 Qd7 22. Qxd7+ Kxd7 23. a4 Kc7 24. Rb5 Nb7 25. Be3 Rc8 26. Rab1 Nd8 27. c4 dxc4 28. a5 Kd7 29. Rc1 Nc6 30. Bb6 Nce7 31. g3 Nd5 32. Bd4 c3 33. Ng5 Rc4 34. Nf3 Kc6 35. Rb8 Rxa5 36. Bxc3 Nxc3 37. Rc8+ Kd7 38. Rxc4 Ne2+ 39. Kg2 Nxc1 40. Rxc1 Nxe5 41. Nxe5+ Rxe5 42. Ra1 Rc5 43. Ra8 Ke7 44. h3 Rc3 45. Ra7+ Kf6 46. Ra5 Kg6 47. g4 Rd3 48. Rb5 Rd5 49. Rb4 h5 50. Kg3 hxg4 51. hxg4 Rd3+ 52. f3 f6 53. Ra4 Kg5 54. Rb4 g6 55. Rb5+ e5 56. Ra5 Re3 57. Kf2 Kf4 58. Ra4+ e4 59. fxe4 Rxe4 60. Ra6 Kg5 61. Kf3 Rf4+ 62. Ke3 Kxg4 0-1

[Event "TUR-chT2"]
[Site "Konya"]
[Date "2014.06.23"]
[Round "1.10"]
[White "Oz, Ozan"]
[Black "Aytekin, Murat Eren"]
[Result "0-1"]
[WhiteElo "1793"]
[BlackElo "1780"]
[PlyCount "90"]
[EventDate "2014.06.23"]
[EventType "team-swiss"]
[EventRounds "9"]
[EventCountry "TUR"]
[SourceTitle "CBM 161 Extra"]
[Source "ChessBase"]
[SourceDate "2014.08.29"]
[SourceVersion "1"]
[SourceVersionDate "2014.08.29"]
[SourceQuality "1"]
[WhiteTeam "Karaman Saglik"]
[BlackTeam "Azdur Ordu"]
[WhiteTeamCountry "TUR"]
[BlackTeamCountry "TUR"]

1. Nf3 c5 2. b3 Nf6 3. Bb2 g6 4. e3 Bg7 5. Be2 0-0 6. 0-0 b6 7. Ne5 Bb7 8. f4 d6 9. Bf3 Qc7 10. Bxb7 Qxb7 11. Nf3 Nbd7 12. Qe1 Ne8 13. Bxg7 Nxg7 14. d3 e5 15. fxe5 Nxe5 16. Nxe5 dxe5 17. Nc3 f5 18. e4 f4 19. Nd5 Ne6 20. Qh4 Qg7 21. c3 Rf7 22. Rf3 g5 23. Qg4 Qg6 24. h4 h5 25. Qf5 Rxf5 26. Ne7+ Kg7 27. Nxg6 Kxg6 28. exf5+ Kxf5 29. hxg5 Nxg5 30. Rff1 h4 31. a3 Rh8 32. Kh2 h3 33. g3 f3 34. Rae1 Rd8 35. Re3 Kg4 36. Rf2 Rd7 37. Rd2 e4 38. d4 cxd4 39. cxd4 Rd5 40. b4 b5 41. Rc3 Ne6 42. Re3 Kf5 43. Kxh3 Rxd4 44. Rxd4 Nxd4 45. Rc3 Ne6 0-1